Juez de instrucción y derechos humanos en Argentina: un análisis crítico del Código Procesal Penal de la nación
Guardat en:
| Autor principal: | |
|---|---|
| Format: | Llibre |
| Idioma: | espanyol |
| Publicat: |
Buenos Aires
Ad-Hoc
2003
|
| Matèries: | |
| Etiquetes: |
Afegir etiqueta
Sense etiquetes, Sigues el primer a etiquetar aquest registre!
|
MARC
| LEADER | 00000nam a2200000 a 4500 | ||
|---|---|---|---|
| 001 | UCL2991 | ||
| 003 | CL-VaPUC | ||
| 008 | 031114e20030000AG |||||||||||||||||spa|d | ||
| 020 | |a 9508943882 | ||
| 082 | 0 | 4 | |a 347.05 |b WOI |2 21 |
| 100 | 0 | |a Woischnik, Jan |e author |9 480229 | |
| 245 | 1 | 0 | |a Juez de instrucción y derechos humanos en Argentina: un análisis crítico del Código Procesal Penal de la nación |
| 300 | |a 313 p | ||
| 942 | |c BK | ||
| 945 | |d 20031114 00:00:00 |a rbrito | ||
| 260 | |a Buenos Aires |b Ad-Hoc |c 2003 | ||
| 650 | 7 | |a DERECHO PENAL |2 CL-VaPUC |9 11 | |
| 650 | 0 | |a Procedimiento penal |9 254974 | |
| 650 | 0 | |a Derechos humanos |9 223025 | |
| 650 | 7 | |a CODIGO DE PROCEDIMIENTO PENAL |2 CL-VaPUC |9 256474 | |
| 650 | 0 | |a Jueces |9 256162 | |
| 650 | 7 | |a FACULTADES DEL JUEZ |2 CL-VaPUC |9 384893 | |
| 583 | |a last modification |c 20031114 00:00:00 |k Rodrigo Vera | ||
| 999 | |c 306146 |d 306144 | ||
| 952 | |0 0 |1 0 |4 0 |6 347_050000000000000_WOI_2003 |7 0 |8 A |9 370912 |a BIBDER |b BIBDER |d 2019-11-21 |i 3939146 |o 347.05 WOI 2003 |p 3939146 |r 2023-01-25 |w 2019-11-21 |y BK |k DER | ||